[Event "Mittelfrankenliga 05/06 (B2a)"]
[Site "Mfr.2005/06-R4"]
[Date "2006.01.15"]
[Round "4.3"]
[White "Albrecht, Thorsten"]
[Black "Radeck, Jochen,Dr."]
[Result "1-0"]
[WhiteElo "1964"]
[BlackElo "1891"]
[Annotator "Forchheim3-SG/TB Erlangen2"]
[PlyCount "61"]
[EventDate "2006.01.15"]
[SourceDate "2005.10.17"]

1. d4 Nf6 2. c4 e6 3. Nc3 d5 4. Nf3 c5 5. e3 Nc6 6. Be2 Be7 7. O-O O-O 8. cxd5
Nxd5 9. e4 Nxc3 10. bxc3 cxd4 11. cxd4 Bd7 12. Be3 Rc8 13. Rb1 b6 14. Ba6 Rc7
15. Bf4 Nb4 16. Bxc7 Qxc7 17. Rc1 Qf4 18. Qe2 Nxa6 19. Qxa6 Qxe4 20. Qxa7 Qd5
21. Ne5 Bb5 22. Qxe7 Bxf1 23. Kxf1 Qxa2 24. Qb4 Qa6+ 25. Ke1 Ra8 26. Nc4 Qb7
27. f3 Qc7 28. Qd6 Qc8 29. Qxb6 h6 30. Qc5 Qb8 31. Nb6 1-0

[Event "Mittelfrankenliga 05/06 (B2a)"]
[Site "Mfr.2005/06-R4"]
[Date "2006.01.15"]
[Round "4.4"]
[White "Gueldner, Udo"]
[Black "Staehle, Philipp"]
[Result "1/2-1/2"]
[WhiteElo "1746"]
[BlackElo "1814"]
[Annotator "Forchheim3-SG/TB Erlangen2"]
[PlyCount "82"]
[EventDate "2006.01.15"]
[SourceDate "2005.10.17"]

1. d4 d5 2. Nf3 e6 3. e3 Nf6 4. Bd3 b6 5. c3 Bb7 6. Nbd2 Be7 7. O-O O-O 8. Ne5
Nbd7 9. Nxd7 Qxd7 10. Re1 c5 11. Qe2 Rac8 12. b3 cxd4 13. cxd4 Bb4 14. Bb2 Rc7
15. Rec1 Rfc8 16. Nf3 Qe7 17. Rxc7 Rxc7 18. Rc1 h6 19. Rxc7 Qxc7 20. Qc2 Qxc2
21. Bxc2 Ba6 22. Ne5 Bb5 23. a4 Be8 24. f3 Kf8 25. Nd3 Bd6 26. b4 Ke7 27. b5 g5
28. Bc3 Nd7 29. Bb4 Nf8 30. Kf2 f6 31. Bxd6+ Kxd6 32. Nb4 e5 33. Bb3 exd4 34.
exd4 Ne6 35. Ke3 Nc7 36. Bc2 Ne6 37. g3 Nc7 38. f4 Ne6 39. f5 Nc7 40. g4 Bd7
41. h3 Be8 1/2-1/2

[Event "Mittelfrankenliga 05/06 (B2a)"]
[Site "Mfr.2005/06-R4"]
[Date "2006.01.15"]
[Round "4.5"]
[White "Rohde, Bjoern"]
[Black "Walter, Eugen[58]"]
[Result "1-0"]
[WhiteElo "1713"]
[BlackElo "1798"]
[Annotator "Forchheim3-SG/TB Erlangen2"]
[PlyCount "87"]
[EventDate "2006.01.15"]
[SourceDate "2005.10.17"]

1. e4 e5 2. Nf3 f5 3. Nxe5 Qf6 4. d4 d6 5. Nc4 fxe4 6. Nc3 Qg6 7. Ne3 Nf6 8.
Be2 c6 9. d5 Be7 10. Bc4 Nbd7 11. h3 Ne5 12. Bb3 c5 13. Ba4+ Kf7 14. Bb5 a6 15.
Bf1 b5 16. Ne2 Ke8 17. Ng3 Rf8 18. c4 Bd7 19. b3 Kf7 20. Bb2 Kg8 21. Bxe5 dxe5
22. d6 Bd8 23. Nd5 Kh8 24. Nxf6 Bxf6 25. Qd2 Bc6 26. h4 e3 27. Qxe3 e4 28.
O-O-O Bd4 29. Rxd4 cxd4 30. Qxd4 Qf6 31. Qxf6 Rxf6 32. c5 Rxf2 33. Ne2 Rc8 34.
b4 e3 35. Rg1 Kg8 36. Nd4 Bd7 37. Be2 Rf4 38. Rd1 Rf6 39. Kb2 Rf2 40. Kc3 Rxg2
41. Kd3 Bg4 42. Bxg4 Rxg4 43. Re1 Rxh4 44. Nf5 1-0

[Event "Mittelfrankenliga 05/06 (B2a)"]
[Site "Mfr.2005/06-R4"]
[Date "2006.01.15"]
[Round "4.6"]
[White "Schwab, Edgar"]
[Black "Balhar, Michael"]
[Result "1-0"]
[WhiteElo "1866"]
[BlackElo "1651"]
[Annotator "Forchheim3-SG/TB Erlangen2"]
[PlyCount "79"]
[EventDate "2006.01.15"]
[SourceDate "2005.10.17"]

1. Nf3 Nf6 2. c4 c5 3. g3 Nc6 4. Bg2 g6 5. O-O Bg7 6. Nc3 O-O 7. e3 e5 8. d4
cxd4 9. exd4 d6 10. Re1 Nd7 11. Bg5 f6 12. Be3 f5 13. Bg5 Nf6 14. dxe5 dxe5 15.
Nxe5 Qxd1 16. Raxd1 Nxe5 17. Rxe5 Ne4 18. Bf4 Nxc3 19. bxc3 Bxe5 20. Bd5+ Kg7
21. Bxe5+ Kh6 22. h4 Re8 23. Bf6 Re2 24. Bf3 Re6 25. Bg5+ Kg7 26. Rd8 Re1+ 27.
Kh2 Kf7 28. Bd5+ Re6 29. Rh8 h5 30. a4 Kg7 31. Rxc8 Rxc8 32. Bxe6 Rc5 33. Bd5
Rc7 34. Kg2 b6 35. Kf3 a5 36. Bd8 Rd7 37. Bxb6 Kf6 38. Bxa5 Ke5 39. Bb6 Kd6 40.
a5 1-0

[Event "Mittelfrankenliga 05/06 (B2a)"]
[Site "Mfr.2005/06-R4"]
[Date "2006.01.15"]
[Round "4.7"]
[White "Peiberg, Ehrhard"]
[Black "Geier, Erhard"]
[Result "1/2-1/2"]
[WhiteElo "1674"]
[BlackElo "1733"]
[Annotator "Forchheim3-SG/TB Erlangen2"]
[PlyCount "37"]
[EventDate "2006.01.15"]
[SourceDate "2005.10.17"]

1. d4 d5 2. c4 e6 3. Nc3 c6 4. cxd5 exd5 5. Bf4 Nf6 6. e3 Qb6 7. Qc2 Bb4 8. Bd3
Be6 9. Nf3 Nbd7 10. O-O Nh5 11. Bg5 h6 12. Bh4 Bd6 13. Rac1 O-O 14. Ne2 Rac8
15. Bf5 Rfe8 16. Bxe6 Rxe6 17. g4 Nhf6 18. g5 Ne4 19. Nf4 1/2-1/2

[Event "Mittelfrankenliga 05/06 (B2a)"]
[Site "Mfr.2005/06-R4"]
[Date "2006.01.15"]
[Round "4.8"]
[White "Mons, Leon"]
[Black "Klek, Hanna-Marie"]
[Result "0-1"]
[WhiteElo "1533"]
[BlackElo "1600"]
[Annotator "Forchheim3-SG/TB Erlangen2"]
[PlyCount "92"]
[EventDate "2006.01.15"]
[SourceDate "2005.10.17"]

1. e4 d5 2. exd5 Qxd5 3. Nc3 Qa5 4. d4 Bf5 5. Nf3 e6 6. Bc4 Nf6 7. O-O Nbd7 8.
Re1 c6 9. Bf4 Bb4 10. Bd2 O-O 11. h3 Bxc3 12. Bxc3 Qc7 13. Nh4 Be4 14. Bd3 Bxd3
15. Qxd3 Nd5 16. Bd2 c5 17. c3 Rfd8 18. dxc5 Nxc5 19. Qc2 Rac8 20. Rad1 Qc6 21.
Nf3 f6 22. Nd4 Qd7 23. c4 Nc7 24. Bb4 Qe7 25. Bxc5 Qxc5 26. b4 Qe7 27. c5 Qf7
28. Qc4 Re8 29. Rd2 Kf8 30. Rde2 e5 31. Qxf7+ Kxf7 32. Nf5 Nb5 33. a4 Nd4 34.
Nxd4 exd4 35. Kf1 Rxe2 36. Kxe2 Re8+ 37. Kd2 Rxe1 38. Kxe1 Ke6 39. Kd2 Ke5 40.
Kd3 Kd5 41. f3 a5 42. c6 bxc6 43. bxa5 c5 44. a6 c4+ 45. Kd2 Kc6 46. a5 Kc7 0-1

[Event "Mittelfrankenliga 05/06 (B2a)"]
[Site "Mfr.2005/06-R4"]
[Date "2006.01.15"]
[Round "4.1"]
[White "Seeger, Peter"]
[Black "Nickmann, Peter"]
[Result "1-0"]
[WhiteElo "2021"]
[BlackElo "1924"]
[Annotator "SF Fürth2-Eckental1"]
[PlyCount "102"]
[EventDate "2006.01.15"]
[SourceDate "2005.10.17"]

1. d4 d5 2. c4 dxc4 3. e4 e5 4. Nf3 exd4 5. Bxc4 Bb4+ 6. Bd2 Bxd2+ 7. Nbxd2 Nh6
8. O-O Nc6 9. Re1 O-O 10. h3 Qe7 11. Rc1 Be6 12. Bb5 Nb4 13. a3 a6 14. Bc4 Bxc4
15. Nxc4 Nc6 16. Nxd4 Nxd4 17. Qxd4 Rfd8 18. Qc3 Rac8 19. Nb6 Rb8 20. Nd5 Qd6
21. Qxc7 Rd7 22. Qxd6 Rxd6 23. Rc7 Kf8 24. Rec1 Rdd8 25. Ne3 Ng8 26. R1c3 Ne7
27. Rb3 b5 28. Rbc3 f6 29. Ra7 Ra8 30. Rcc7 Rxa7 31. Rxa7 Rd6 32. b4 g6 33. Nd5
Nxd5 34. exd5 h5 35. Kf1 f5 36. Ke2 g5 37. Ke3 Rxd5 38. Rxa6 Rd7 39. Rf6+ Rf7
40. Rxf7+ Kxf7 41. Kd4 Ke6 42. Kc5 h4 43. f4 g4 44. Kxb5 Kd5 45. a4 Ke4 46. a5
Kxf4 47. a6 Kg3 48. a7 Kxg2 49. hxg4 fxg4 50. a8=Q+ Kh2 51. Qe4 Kg3 1-0

[Event "Mittelfrankenliga 05/06 (B2a)"]
[Site "Mfr.2005/06-R4"]
[Date "2006.01.15"]
[Round "4.2"]
[White "Koschka, Robert"]
[Black "Rohrbach, Frank"]
[Result "0-1"]
[WhiteElo "1834"]
[BlackElo "2079"]
[Annotator "SF Fürth2-Eckental1"]
[PlyCount "96"]
[EventDate "2006.01.15"]
[SourceDate "2005.10.17"]

1. e4 c5 2. b3 Nc6 3. Bb2 e6 4. d3 b6 5. g3 Bb7 6. Bg2 Nge7 7. Ne2 Ng6 8. f4 f6
9. c4 Bd6 10. a3 a6 11. O-O Rb8 12. Nd2 Ba8 13. Rb1 b5 14. Ba1 Bc7 15. Re1 O-O
16. Nf3 Ba5 17. Rf1 Qe7 18. Qc2 Rfc8 19. Bh3 Rc7 20. Bg2 Nd8 21. Bc3 Bxc3 22.
Qxc3 d5 23. Nd2 Qd6 24. Qc2 dxc4 25. dxc4 Nc6 26. Nf3 e5 27. f5 Nge7 28. Nc3
Nd4 29. Nxd4 cxd4 30. Na2 Rbc8 31. Rfc1 Qxa3 32. Qe2 h6 33. Rc2 bxc4 34. Rxc4
d3 35. Qb2 Qxb2 36. Rxb2 Rxc4 37. bxc4 Rxc4 38. Nb4 Bxe4 39. Bxe4 Rxe4 40. Nxd3
Rd4 41. Nc5 a5 42. Rb8+ Kh7 43. Rb7 Nxf5 44. Ne6 Rd1+ 45. Kf2 h5 46. Ra7 Rd6
47. Nc5 Rd2+ 48. Kg1 Nd4 0-1

[Event "Mittelfrankenliga 05/06 (B2a)"]
[Site "Mfr.2005/06-R4"]
[Date "2006.01.15"]
[Round "4.3"]
[White "Reichenberger, Helmut,Dr."]
[Black "Koerber, Thomas"]
[Result "1/2-1/2"]
[WhiteElo "1837"]
[BlackElo "1920"]
[Annotator "SF Fürth2-Eckental1"]
[PlyCount "69"]
[EventDate "2006.01.15"]
[SourceDate "2005.10.17"]

1. e4 c5 2. Nc3 Nc6 3. f4 g6 4. Nf3 Bg7 5. Bc4 e6 6. O-O Nge7 7. a3 O-O 8. d3
d5 9. Ba2 Rb8 10. Qe1 Nd4 11. Bb1 Nec6 12. Nxd4 Nxd4 13. Kh1 b5 14. Rf2 Bb7 15.
Ba2 a5 16. Nd1 dxe4 17. c3 Nf5 18. dxe4 Bxe4 19. Ne3 Qc7 20. Nc2 Bb7 21. Bd2
Rbd8 22. Rd1 Rd7 23. Bc1 Rfd8 24. Rxd7 Rxd7 25. Ne3 Qd8 26. Bb3 Nxe3 27. Bxe3
c4 28. Bc2 h5 29. Rd2 Rxd2 30. Bxd2 Qd5 31. Qf2 Bf6 32. Be3 Kg7 33. Kg1 Bc6 34.
Kf1 Bb7 35. Kg1 1/2-1/2

[Event "Mittelfrankenliga 05/06 (B2a)"]
[Site "Mfr.2005/06-R4"]
[Date "2006.01.15"]
[Round "4.4"]
[White "Beck, Gerhard[46]"]
[Black "Theimer, Matthias"]
[Result "1-0"]
[WhiteElo "1935"]
[BlackElo "1748"]
[Annotator "SF Fürth2-Eckental1"]
[PlyCount "98"]
[EventDate "2006.01.15"]
[SourceDate "2005.10.17"]

1. c4 e5 2. Nc3 Nc6 3. g3 Nf6 4. Bg2 Bc5 5. d3 d6 6. Nf3 Bg4 7. a3 a6 8. b4 Bb6
9. h3 Bd7 10. O-O Ne7 11. Bd2 Nf5 12. Kh2 h5 13. Nd5 Ng4+ 14. Kg1 Nxg3 15. Nxb6
Nxf1 16. Nxa8 Nxd2 17. Nxc7+ Qxc7 18. Qxd2 Nf6 19. Rc1 Rh6 20. c5 d5 21. Qg5
Bxh3 22. Qxe5+ Qxe5 23. Nxe5 Bxg2 24. Kxg2 Nd7 25. c6 bxc6 26. Nxc6 g5 27. Nd4
Kd8 28. f3 Rb6 29. Nc6+ Ke8 30. d4 f6 31. Rc3 Kf7 32. e4 dxe4 33. fxe4 Ke6 34.
Na5 Ke7 35. d5 Ne5 36. Rc7+ Kd6 37. Rh7 h4 38. Nb7+ Rxb7 39. Rxb7 Nc4 40. Ra7
Ke5 41. Rxa6 Kxe4 42. d6 g4 43. d7 Ne3+ 44. Kh1 g3 45. Re6+ Kf3 46. Rxf6+ Ke2
47. d8=Q h3 48. Qe8 g2+ 49. Kg1 Kd3 1-0

[Event "Mittelfrankenliga 05/06 (B2a)"]
[Site "Mfr.2005/06-R4"]
[Date "2006.01.15"]
[Round "4.5"]
[White "Bauer, Klaus[66]"]
[Black "Vinokur, Mykhaylo"]
[Result "1/2-1/2"]
[WhiteElo "1798"]
[BlackElo "1787"]
[Annotator "SF Fürth2-Eckental1"]
[PlyCount "97"]
[EventDate "2006.01.15"]
[SourceDate "2005.10.17"]

1. e4 c6 2. d4 d5 3. exd5 cxd5 4. c3 Nc6 5. Bf4 e6 6. Nf3 Bd6 7. Bxd6 Qxd6 8.
Bd3 Bd7 9. Nbd2 Nge7 10. Qc2 h6 11. O-O Rc8 12. Qd1 O-O 13. Re1 Na5 14. Rc1 Rc7
15. Ne5 Rfc8 16. Re3 Nc4 17. Ndxc4 dxc4 18. Bb1 Nd5 19. Rg3 Nf6 20. Qd2 Kf8 21.
Qf4 Qe7 22. Rf3 Be8 23. Re1 Bc6 24. Be4 Bxe4 25. Rxe4 Ke8 26. Re1 b5 27. Qg3
Qf8 28. Kf1 a6 29. h3 Rb7 30. Qf4 Rcc7 31. g4 Nd5 32. Qg3 Qd6 33. g5 hxg5 34.
Qxg5 Qf8 35. Ng4 Kd7 36. Ne5+ Kc8 37. Qd2 f6 38. Ng6 Qf7 39. Nf4 Re7 40. Nxd5
exd5 41. Rfe3 Kd8 42. Qe2 Rxe3 43. Qxe3 Re7 44. Qg3 Rxe1+ 45. Kxe1 Qe6+ 46. Kf1
g5 47. f3 Ke7 48. Kf2 Kf7 49. Qg4 1/2-1/2

[Event "Mittelfrankenliga 05/06 (B2a)"]
[Site "Mfr.2005/06-R4"]
[Date "2006.01.15"]
[Round "4.6"]
[White "Buchta, Juergen"]
[Black "Laibold, Lorenz"]
[Result "0-1"]
[WhiteElo "1763"]
[BlackElo "1793"]
[Annotator "SF Fürth2-Eckental1"]
[PlyCount "75"]
[EventDate "2006.01.15"]
[SourceDate "2005.10.17"]

1. e4 c5 2. Nf3 d6 3. d4 cxd4 4. Nxd4 Nf6 5. Nc3 a6 6. Be2 g6 7. Be3 Bg7 8. O-O
O-O 9. Kh1 b5 10. a3 Bb7 11. f3 Nbd7 12. Qd2 Qc7 13. Rfd1 Rfd8 14. Bh6 e5 15.
Nb3 Nb6 16. Bxg7 Kxg7 17. Na5 Bc8 18. Nd5 Nbxd5 19. exd5 Bd7 20. b4 Nh5 21. g3
f5 22. c4 Rac8 23. Rac1 Qb6 24. Bf1 Nf6 25. Kg2 Be8 26. Be2 h6 27. h4 Qa7 28.
Rc2 Rc7 29. Rdc1 Rdc8 30. Nb3 bxc4 31. Bxc4 Ba4 32. Rc3 Rxc4 33. Rxc4 Rxc4 34.
Rxc4 Bxb3 35. Rc6 Bxd5 36. Rxd6 Qb7 37. Qe2 Qb5 38. Qxe5 0-1

[Event "Mittelfrankenliga 05/06 (B2a)"]
[Site "Mfr.2005/06-R4"]
[Date "2006.01.15"]
[Round "4.7"]
[White "Hager, Lothar"]
[Black "Holzschuh, Tobias"]
[Result "0-1"]
[WhiteElo "1551"]
[BlackElo "1652"]
[Annotator "SF Fürth2-Eckental1"]
[PlyCount "105"]
[EventDate "2006.01.15"]
[SourceDate "2005.10.17"]

1. Nf3 Nf6 2. g3 d5 3. Bg2 e6 4. O-O c5 5. d3 Nc6 6. Nbd2 Qc7 7. Re1 Be7 8. e4
O-O 9. c3 Rd8 10. Qe2 dxe4 11. dxe4 e5 12. Nf1 Bg4 13. h3 Bh5 14. g4 Bg6 15.
Ng3 h6 16. Nh4 Bh7 17. Nhf5 Bf8 18. Be3 a6 19. Rad1 b5 20. Qf3 Na5 21. Nxh6+
Kh8 22. Nxf7+ Qxf7 23. g5 Qg6 24. gxf6 gxf6 25. Rd5 Bg8 26. Rdd1 Nc4 27. Bc1
Rac8 28. Nh5 Be7 29. Kh2 Bf7 30. Ng3 Rg8 31. Rd7 Bd8 32. Rg1 Be8 33. Rdd1 Qh7
34. Qf5 Rb8 35. b3 Nb6 36. Rxd8 Qxf5 37. Nxf5 Rxd8 38. Be3 Nd7 39. Rd1 Bf7 40.
Nh6 Rgf8 41. Bxc5 Kg7 42. Bxf8+ Kxf8 43. Bf3 Bg6 44. Bg4 Ke8 45. Nf5 Nc5 46.
Rxd8+ Kxd8 47. f3 Nd3 48. a3 Nc1 49. b4 Na2 50. h4 Nxc3 51. Ne3 Nb1 52. h5 Bh7
53. Nd5 0-1

[Event "Mittelfrankenliga 05/06 (B2a)"]
[Site "Mfr.2005/06-R4"]
[Date "2006.01.15"]
[Round "4.8"]
[White "Grossner, Josef"]
[Black "Brauner, Jan"]
[Result "1-0"]
[WhiteElo "1651"]
[BlackElo "1420"]
[Annotator "SF Fürth2-Eckental1"]
[PlyCount "87"]
[EventDate "2006.01.15"]
[SourceDate "2005.10.17"]

1. e4 c5 2. Nf3 d6 3. d4 cxd4 4. Nxd4 Nf6 5. Nc3 a6 6. Be2 e6 7. Be3 b5 8. f3
Bb7 9. O-O Nbd7 10. Qe1 Rc8 11. a3 g6 12. Rd1 Qc7 13. Rd2 d5 14. exd5 Nxd5 15.
Nxd5 Bxd5 16. c3 Bd6 17. Qh4 Be7 18. Bg5 Bxg5 19. Qxg5 Qe5 20. Qxe5 Nxe5 21.
Re1 Ke7 22. Bxb5 axb5 23. Rxe5 f6 24. Re3 Rb8 25. f4 Rhd8 26. Rde2 Rd6 27. Rh3
Bc4 28. Rxh7+ Kf8 29. Rh8+ Kf7 30. Rxb8 Rxd4 31. cxd4 Bxe2 32. Rb7+ Ke8 33. b3
Bd3 34. a4 bxa4 35. bxa4 Kd8 36. a5 Kc8 37. Rb6 Bf5 38. a6 Kc7 39. Rb3 Bc2 40.
Rb2 Ba4 41. a7 Bc6 42. Rc2 Kb6 43. Rxc6+ Kxa7 44. Rxe6 1-0

[Event "Mittelfrankenliga 05/06 (B2b)"]
[Site "Mfr.2005/06-R4"]
[Date "2006.01.15"]
[Round "4.1"]
[White "Wittmann, Helmut"]
[Black "Diehl, Achim"]
[Result "1/2-1/2"]
[WhiteElo "2099"]
[BlackElo "1956"]
[Annotator "SW Nbg.3-BSGW Erlangen1"]
[PlyCount "164"]
[EventDate "2006.01.15"]
[SourceDate "2005.10.17"]

1. d4 Nf6 2. c4 c5 3. d5 b5 4. Nf3 Bb7 5. Qc2 e6 6. e4 d6 7. Nbd2 exd5 8. cxd5
Qa5 9. b4 Qb6 10. bxc5 dxc5 11. Qb2 a6 12. Qe5+ Be7 13. d6 Qxd6 14. Qxd6 Bxd6
15. e5 Be7 16. exf6 Bxf6 17. Rb1 Bd5 18. Bb2 Bxa2 19. Ra1 Bd5 20. Bxf6 gxf6 21.
Bd3 O-O 22. O-O Nd7 23. Rfe1 Be6 24. Be4 Rad8 25. Bc6 b4 26. Ne4 c4 27. Bxd7
Bxd7 28. Nxf6+ Kg7 29. Nxd7 Rxd7 30. Ne5 Re7 31. Nxc4 Rxe1+ 32. Rxe1 Rc8 33.
Nb2 a5 34. g3 Rc2 35. Rb1 Kf6 36. Nd3 Rc3 37. Nxb4 axb4 38. Rxb4 Rf3 39. Kg2
Rc3 40. Rf4+ Kg6 41. Rg4+ Kf6 42. Rf4+ Kg6 43. g4 Rc5 44. h4 h6 45. h5+ Kg7 46.
Kg3 Rc3+ 47. f3 Rc5 48. Re4 Rc1 49. Re5 Kf6 50. Rf5+ Kg7 51. f4 Rg1+ 52. Kf3
Rh1 53. Re5 Rg1 54. Re2 Kf6 55. Rg2 Rf1+ 56. Kg3 Rh1 57. Ra2 Rg1+ 58. Kh3 Rf1
59. Ra6+ Kg7 60. Kg3 Rg1+ 61. Kf3 Kh7 62. Ra5 Kg7 63. g5 Rh1 64. Kg4 Rh2 65. g6
Rg2+ 66. Kf5 Rh2 67. Ke4 Re2+ 68. Kf3 Rh2 69. gxf7 Kxf7 70. Kg4 Rh1 71. Ra6 Kg7
72. Rg6+ Kh7 73. f5 Rg1+ 74. Kf4 Rh1 75. Ke5 Rxh5 76. Kf6 Rg5 77. Rxg5 hxg5 78.
Ke7 g4 79. f6 g3 80. f7 g2 81. f8=Q g1=Q 82. Qf5+ Kh6 1/2-1/2

[Event "Mittelfrankenliga 05/06 (B2b)"]
[Site "Mfr.2005/06-R4"]
[Date "2006.01.15"]
[Round "4.2"]
[White "Werner, Thomas[65]"]
[Black "Lange, Carsten[65]"]
[Result "1/2-1/2"]
[WhiteElo "1910"]
[BlackElo "1969"]
[Annotator "SW Nbg.3-BSGW Erlangen1"]
[PlyCount "45"]
[EventDate "2006.01.15"]
[SourceDate "2005.10.17"]

1. Nf3 c5 2. e3 Nf6 3. b3 g6 4. Bb2 Bg7 5. Be2 O-O 6. O-O b6 7. d3 Bb7 8. Nbd2
Nc6 9. c4 d5 10. Ne5 Qc7 11. Nxc6 Bxc6 12. Nf3 dxc4 13. Be5 Qb7 14. dxc4 Ne4
15. Bxg7 Kxg7 16. Qc2 f6 17. Rfd1 Rfd8 18. Ne1 Rd6 19. Rxd6 Nxd6 20. Bf3 a5 21.
Bxc6 Qxc6 22. a4 h5 23. Rd1 1/2-1/2

[Event "Mittelfrankenliga 05/06 (B2b)"]
[Site "Mfr.2005/06-R4"]
[Date "2006.01.15"]
[Round "4.3"]
[White "Bous, Florian"]
[Black "Konsek, Peter"]
[Result "1-0"]
[WhiteElo "1943"]
[BlackElo "1958"]
[Annotator "SW Nbg.3-BSGW Erlangen1"]
[PlyCount "75"]
[EventDate "2006.01.15"]
[SourceDate "2005.10.17"]

1. d4 Nf6 2. c4 e6 3. Nc3 Bb4 4. Nf3 Nc6 5. e3 d6 6. Bd2 O-O 7. Qc2 e5 8. d5
Ne7 9. Bd3 c6 10. dxc6 bxc6 11. O-O Bg4 12. Ne4 Nxe4 13. Bxb4 Nf6 14. Nd2 d5
15. f3 Bh5 16. Qc3 Qc7 17. Qa3 Rfe8 18. Bd6 Qd7 19. Bxe5 dxc4 20. Nxc4 Ned5 21.
e4 Nb6 22. Bxf6 gxf6 23. Qc3 Qe6 24. Rac1 Rac8 25. Qa5 Qd7 26. Qxh5 Qxd3 27.
Rfd1 Qe2 28. Rd2 Qxc4 29. Rxc4 Nxc4 30. Rc2 Ne5 31. Rc3 Ng6 32. Qh6 Rb8 33. b3
Rb5 34. h4 Rd8 35. h5 Nf8 36. f4 Ne6 37. Rg3+ Kh8 38. Qxf6+ 1-0

[Event "Mittelfrankenliga 05/06 (B2b)"]
[Site "Mfr.2005/06-R4"]
[Date "2006.01.15"]
[Round "4.4"]
[White "Fuchs, Johann,Dr."]
[Black "Schulz, Wilfried[48]"]
[Result "1/2-1/2"]
[WhiteElo "1960"]
[BlackElo "1918"]
[Annotator "SW Nbg.3-BSGW Erlangen1"]
[PlyCount "100"]
[EventDate "2006.01.15"]
[SourceDate "2005.10.17"]

1. d4 Nf6 2. Nf3 g6 3. Bf4 Bg7 4. e3 O-O 5. Be2 d6 6. c3 Nbd7 7. h3 Qe8 8. Bh2
e5 9. O-O e4 10. Nfd2 Qe7 11. c4 Ne8 12. Nc3 f5 13. Rc1 Ndf6 14. b4 Kh8 15. c5
d5 16. Qb3 Be6 17. a4 Rd8 18. b5 g5 19. a5 g4 20. hxg4 Nxg4 21. Bxg4 fxg4 22.
Ne2 Rf5 23. Nf4 Bf7 24. Rfd1 Nf6 25. Nf1 Nh5 26. Ng3 Nxg3 27. Bxg3 h5 28. b6
axb6 29. cxb6 c6 30. a6 h4 31. Bh2 Rf6 32. Qa4 Ra8 33. Rb1 Be8 34. a7 Qf7 35.
Qc2 Bd7 36. Qc3 Rh6 37. Rdc1 Bf8 38. Ra1 Bd6 39. Qe1 Qh7 40. Rcb1 h3 41. Bg3
Rf6 42. Kf1 hxg2+ 43. Ke2 Bxf4 44. Bxf4 Rxf4 45. exf4 Qh3 46. Kd2 Qd3+ 47. Kc1
g1=Q 48. Qxg1 Qc3+ 49. Kd1 Qd3+ 50. Ke1 Qc3+ 1/2-1/2

[Event "Mittelfrankenliga 05/06 (B2b)"]
[Site "Mfr.2005/06-R4"]
[Date "2006.01.15"]
[Round "4.6"]
[White "Billmann, Andreas"]
[Black "Schiller, Angel"]
[Result "1-0"]
[WhiteElo "1872"]
[BlackElo "1780"]
[Annotator "SW Nbg.3-BSGW Erlangen1"]
[PlyCount "87"]
[EventDate "2006.01.15"]
[SourceDate "2005.10.17"]

1. d4 Nf6 2. c4 c5 3. d5 e6 4. Nc3 exd5 5. cxd5 g6 6. e4 d6 7. Bd3 Bg7 8. Nge2
O-O 9. O-O a6 10. a4 b6 11. Ng3 Qc7 12. Qc2 Nbd7 13. b3 h5 14. f4 Ng4 15. Rf3
Qd8 16. Nge2 Qe7 17. h3 Nh6 18. Bd2 f5 19. exf5 gxf5 20. Ng3 Qf7 21. Re1 h4 22.
Nf1 Nf6 23. Ne3 Qh5 24. Nc4 Ra7 25. Nxd6 Bh8 26. Nxc8 Rxc8 27. d6 Rg7 28. Re7
Nf7 29. Kf1 Nxd6 30. Rxg7+ Bxg7 31. Bxa6 Rd8 32. Be2 Qg6 33. Be1 Qh6 34. Bd3
Qh7 35. Nb5 Nde4 36. Nc7 Bh8 37. Bc4+ Kf8 38. Ne6+ Ke7 39. Nxd8 Kxd8 40. Qd3+
Nd7 41. Be6 Kc7 42. a5 Bd4 43. Qa6 Qg6 44. Qa7+ 1-0

[Event "Mittelfrankenliga 05/06 (B2b)"]
[Site "Mfr.2005/06-R4"]
[Date "2006.01.15"]
[Round "4.8"]
[White "Roth, Hans"]
[Black "Mueller, Werner[52]"]
[Result "1/2-1/2"]
[WhiteElo "1753"]
[BlackElo "1756"]
[Annotator "SW Nbg.3-BSGW Erlangen1"]
[PlyCount "41"]
[EventDate "2006.01.15"]
[SourceDate "2005.10.17"]

1. e4 g6 2. d4 Bg7 3. Nf3 d6 4. Bc4 Nc6 5. Nc3 e5 6. dxe5 Nxe5 7. Nxe5 Bxe5 8.
Qf3 Be6 9. Nd5 c6 10. Ne3 Qf6 11. Qxf6 Nxf6 12. f3 O-O-O 13. Bb3 d5 14. exd5
Nxd5 15. Nxd5 Bxd5 16. c3 Rhe8 17. O-O f6 18. Kh1 Bc7 19. Bh6 Bxb3 20. axb3 a6
21. Rfe1 1/2-1/2

[Event "Mittelfrankenliga 05/06 (B2b)"]
[Site "Mfr.2005/06-R4"]
[Date "2006.01.15"]
[Round "4.1"]
[White "Muenster, Erich"]
[Black "Fink, Martin"]
[Result "1/2-1/2"]
[WhiteElo "2024"]
[BlackElo "1875"]
[Annotator "Heideck1-Heilsbronn1"]
[PlyCount "28"]
[EventDate "2006.01.15"]
[SourceDate "2005.10.17"]

1. e4 c5 2. Nf3 Nc6 3. Nc3 g6 4. d4 cxd4 5. Nxd4 Bg7 6. Be3 d6 7. Be2 Nf6 8.
O-O O-O 9. Qd2 Bd7 10. Kh1 Nxd4 11. Bxd4 Qa5 12. Rad1 Kh8 13. f4 Bc6 14. Bf3 e5
1/2-1/2

[Event "Mittelfrankenliga 05/06 (B2b)"]
[Site "Mfr.2005/06-R4"]
[Date "2006.01.15"]
[Round "4.2"]
[White "Kirchner, Norbert jr."]
[Black "Roeschinger, Udo"]
[Result "1-0"]
[WhiteElo "2060"]
[BlackElo "1878"]
[Annotator "Heideck1-Heilsbronn1"]
[PlyCount "95"]
[EventDate "2006.01.15"]
[SourceDate "2005.10.17"]

1. e4 c5 2. Nf3 e6 3. d4 cxd4 4. Nxd4 Bc5 5. Nb3 Bb6 6. Nc3 Ne7 7. Bf4 Nbc6 8.
Qd6 O-O 9. Be2 f5 10. O-O-O fxe4 11. g4 e5 12. Bxe5 Nxe5 13. Qxe5 Rxf2 14. Bc4+
Kh8 15. Nxe4 Ng6 16. Qg3 Rf4 17. Nd6 Qg5 18. Kb1 Bc7 19. h4 Qf6 20. g5 Qf8 21.
Nf7+ Rxf7 22. Qxc7 d5 23. Qa5 b6 24. Qxd5 Bg4 25. Qxf7 Qxf7 26. Bxf7 Bxd1 27.
Rxd1 Nxh4 28. Rh1 Rf8 29. g6 Nxg6 30. Bxg6 h6 31. a4 Rf6 32. Rg1 Rf4 33. a5 Rf6
34. Ka2 Kg8 35. Ka3 Re6 36. axb6 axb6 37. Kb4 Re5 38. Rg3 h5 39. Rh3 Rg5 40.
Bxh5 g6 41. Be2 Kf7 42. Rh7+ Kf6 43. Rb7 Rg2 44. Rxb6+ Ke7 45. Bd3 g5 46. Nd4
Rg4 47. Kc5 Rg1 48. Rg6 1-0

[Event "Mittelfrankenliga 05/06 (B2b)"]
[Site "Mfr.2005/06-R4"]
[Date "2006.01.15"]
[Round "4.3"]
[White "Muenster, Manfred"]
[Black "Platz, Stephan"]
[Result "1/2-1/2"]
[WhiteElo "1923"]
[BlackElo "1865"]
[Annotator "Heideck1-Heilsbronn1"]
[PlyCount "86"]
[EventDate "2006.01.15"]
[SourceDate "2005.10.17"]

1. e4 d6 2. d4 Nf6 3. Nc3 g6 4. f4 Bg7 5. Nf3 O-O 6. Be2 c6 7. O-O Nbd7 8. e5
Ne8 9. Ne4 Qc7 10. Neg5 Nb6 11. Bd3 h6 12. Ne4 d5 13. Ng3 e6 14. b3 Nd7 15. Nh4
Qd8 16. Nf3 Qe7 17. a4 a5 18. c4 Nc7 19. Ra2 b6 20. Raf2 Bb7 21. Ne1 c5 22. Qg4
cxd4 23. Nc2 dxc4 24. Bxc4 Ba6 25. Ba3 Nc5 26. Nxd4 Bxc4 27. bxc4 Qd7 28. f5
exf5 29. Ndxf5 gxf5 30. Nxf5 N7e6 31. Bxc5 bxc5 32. Nxg7 Qd4 33. Qxd4 Nxd4 34.
Nh5 Ra6 35. Rf6 Rxf6 36. Rxf6 Re8 37. Rxh6 Rxe5 38. Ng3 Re1+ 39. Kf2 Rc1 40.
Ra6 Nb3 41. Rb6 Nd4 42. Ra6 Nb3 43. Rb6 Nd4 1/2-1/2

[Event "Mittelfrankenliga 05/06 (B2b)"]
[Site "Mfr.2005/06-R4"]
[Date "2006.01.15"]
[Round "4.4"]
[White "Wegmann, Wolfgang"]
[Black "Horneber, Thomas"]
[Result "1/2-1/2"]
[WhiteElo "1725"]
[BlackElo "1939"]
[Annotator "Heideck1-Heilsbronn1"]
[PlyCount "33"]
[EventDate "2006.01.15"]
[SourceDate "2005.10.17"]

1. e4 d6 2. d4 Nf6 3. Nc3 g6 4. Bc4 Bg7 5. Qe2 c6 6. e5 dxe5 7. dxe5 Nd5 8.
Nxd5 cxd5 9. Bb5+ Nc6 10. f4 a6 11. Bd3 Nb4 12. Bd2 Nxd3+ 13. cxd3 Bd7 14. Nf3
Qb6 15. Be3 Qb4+ 16. Qd2 Qxd2+ 17. Kxd2 1/2-1/2

[Event "Mittelfrankenliga 05/06 (B2b)"]
[Site "Mfr.2005/06-R4"]
[Date "2006.01.15"]
[Round "4.5"]
[White "Reichmann, Ulrich"]
[Black "Lunz, Dieter"]
[Result "1/2-1/2"]
[WhiteElo "1908"]
[BlackElo "1906"]
[Annotator "Heideck1-Heilsbronn1"]
[PlyCount "43"]
[EventDate "2006.01.15"]
[SourceDate "2005.10.17"]

1. e4 c5 2. c3 e5 3. Nf3 Nc6 4. Bb5 Nge7 5. Na3 a6 6. Nc4 Qc7 7. Bxc6 Nxc6 8.
Qb3 b5 9. Ne3 c4 10. Qc2 Bc5 11. d3 cxd3 12. Qxd3 Ne7 13. O-O Bb7 14. Rd1 Rd8
15. a4 O-O 16. axb5 f5 17. Qc4+ d5 18. exd5 Bxd5 19. b6 Qc6 20. Qe2 Bb3 21.
Rxd8 Rxd8 22. Bd2 1/2-1/2